中国民航机场IATA代码 IATA Code of Airports in China - Statistics

General Stats
  • This quiz has been taken 42 times
  • The average score is 75 of 259
Answers on the Map
Answers color-coded by a green-red scale on the quiz's map according to % correct below.
 
Answer Stats
机场名称 IATA代码 % Correct
北京首都国际机场 PEK
100%
上海浦东国际机场 PVG
97%
广州白云国际机场 CAN
92%
上海虹桥国际机场 SHA
92%
北京大兴国际机场 PKX
85%
深圳宝安国际机场 SZX
82%
成都天府国际机场 TFU
82%
武汉天河国际机场 WUH
79%
厦门高崎国际机场 XMN
79%
成都双流国际机场 CTU
77%
长沙黄花国际机场 CSX
74%
重庆江北国际机场 CKG
72%
昆明长水国际机场 KMG
72%
南京禄口国际机场 NKG
72%
青岛胶东国际机场 TAO
72%
杭州萧山国际机场 HGH
69%
哈尔滨太平国际机场 HRB
69%
天津滨海国际机场 TSN
69%
海口美兰国际机场 HAK
67%
西安咸阳国际机场 XIY
67%
宁波栎社国际机场 NGB
64%
郑州新郑国际机场 CGO
62%
大连周水子国际机场 DLC
62%
福州长乐国际机场 FOC
62%
银川河东国际机场 INC
62%
沈阳桃仙国际机场 SHE
62%
乌鲁木齐地窝堡国际机场 URC
62%
合肥新桥国际机场 HFE
59%
三亚凤凰国际机场 SYX
59%
温州龙湾国际机场 WNZ
59%
贵阳龙洞堡国际机场 KWE
56%
南宁吴圩国际机场 NNG
56%
揭阳潮汕国际机场 SWA
56%
济南遥墙国际机场 TNA
56%
太原武宿国际机场 TYN
56%
无锡硕放国际机场 WUX
56%
西宁曹家堡国际机场 XNN
56%
烟台蓬莱国际机场 YNT
56%
长春龙嘉国际机场 CGQ
51%
泉州晋江国际机场 JJN
51%
南通兴东国际机场 NTG
49%
石家庄正定国际机场 SJW
49%
威海大水泊国际机场 WEH
49%
呼和浩特白塔国际机场 HET
46%
桂林两江国际机场 KWL
46%
兰州中川国际机场 LHW
46%
珠海金湾机场 ZUH
46%
南昌昌北国际机场 KHN
44%
徐州观音国际机场 XUZ
44%
拉萨贡嘎机场 LXA
41%
义乌机场 YIW
41%
湛江吴川国际机场 ZHA
41%
常州奔牛国际机场 CZX
38%
佛山沙堤机场 FUO
38%
丽江三义国际机场 LJG
38%
绵阳南郊机场 MIG
38%
扬州泰州国际机场 YTY
38%
景德镇罗家机场 JDZ
36%
喀什徕宁国际机场 KHG
36%
日照山字河机场 RIZ
36%
运城张孝机场 YCU
36%
宜春明月山机场 YIC
36%
大同云冈机场 DAT
33%
大理凤仪机场 DLU
33%
张家界荷花国际机场 DYG
33%
舟山普陀山机场 HSN
33%
西双版纳嘎洒国际机场 JHG
33%
赣州黄金机场 KOW
33%
泸州云龙机场 LZO
33%
潍坊机场 WEF
33%
宜昌三峡机场 YIH
33%
常德桃花源机场 CGD
31%
迪庆香格里拉机场 DIG
31%
惠州平潭机场 HUZ
31%
吉安井冈山机场 JGS
31%
连云港花果山机场 LYG
31%
柳州白莲机场 LZH
31%
南充高坪机场 NAO
31%
武夷山机场 WUS
31%
西昌青山机场 XIC
31%
延吉朝阳川国际机场 YNJ
31%
阿克苏红旗坡机场 AKU
28%
安庆天柱山机场 AQG
28%
包头东河机场 BAV
28%
北海福成机场 BHY
28%
赤峰玉龙机场 CIF
28%
鄂尔多斯伊金霍洛国际机场 DSN
28%
呼伦贝尔海拉尔机场 HLD
28%
和田昆冈机场 HTN
28%
九江庐山机场 JIU
28%
库尔勒梨城机场 KRL
28%
临沂启阳国际机场 LYI
28%
南阳姜营机场 NNY
28%
满洲里西郊机场 NZH
28%
日喀则和平机场 RKZ
28%
梧州西江机场 WUZ
28%
宜宾五粮液机场 YBP
28%
伊宁机场 YIN
28%
盐城南洋国际机场 YNZ
28%
阿勒泰雪都机场 AAT
26%
稻城亚丁机场 DCY
26%
丹东浪头机场 DDG
26%
敦煌莫高国际机场 DNH
26%
东营胜利机场 DOY
26%
二连浩特赛乌素机场 ERL
26%
阜阳机场 FUG
26%
广元盘龙机场 GYS
26%
林芝米林机场 LZY
26%
牡丹江海浪国际机场 MDG
26%
铜仁凤凰机场 TEN
26%
芜湖宣州机场 WHA
26%
乌海机场 WUA
26%
岳阳三荷机场 YYA
26%
昭通机场 ZAT
26%
遵义新舟机场 ZYI
26%
兴义万峰林机场 ACX
23%
琼海博鳌机场 BAR
23%
秦皇岛北戴河机场 BPE
23%
保山云瑞机场 BSD
23%
承德普宁机场 CDE
23%
郴州北湖机场 HCZ
23%
淮安涟水国际机场 HIA
23%
怀化芷江机场 HJJ
23%
乌兰浩特义勒力特机场 HLH
23%
哈密伊州机场 HMI
23%
台州路桥机场 HYN
23%
汉中城固机场 HZG
23%
济宁大安机场 JNG
23%
九寨黄龙机场 JZH
23%
德宏芒市国际机场 LUM
23%
攀枝花保安营机场 PZI
23%
塔城千泉机场 TCG
23%
腾冲驼峰机场 TCZ
23%
唐山三女河机场 TVS
23%
十堰武当山机场 WDS
23%
襄阳刘集机场 XFN
23%
锡林浩特机场 XIL
23%
安康富强机场 AKA
21%
昌都邦达机场 BPX
21%
巴中恩阳机场 BZX
21%
朝阳机场 CHG
21%
长治王村机场 CIH
21%
达州金垭机场 DAX
21%
大庆萨尔图机场 DQA
21%
鄂州花湖机场 EHU
21%
恩施许家坪机场 ENH
21%
延安南泥湾机场 ENY
21%
黑河瑷珲机场 HEK
21%
黔东南黎平机场 HZH
21%
金昌金川机场 JIC
21%
佳木斯东郊机场 JMU
21%
锦州锦州湾机场 JNZ
21%
克拉玛依古海机场 KRY
21%
洛阳北郊机场 LYA
21%
梅州梅县机场 MXZ
21%
白山长白山机场 NBS
21%
荆州沙市机场 SHS
21%
吐鲁番交河机场 TLQ
21%
黄山屯溪国际机场 TXN
21%
玉树巴塘机场 YUS
21%
百色巴马机场 AEB
18%
格尔木机场 GOQ
18%
衡阳南岳机场 HNY
18%
塔什库尔干红其拉甫机场 HQL
18%
建三江湿地机场 JSJ
18%
衢州机场 JUZ
18%
库车龟兹机场 KCA
18%
连城冠豸山机场 LCX
18%
伊春林都机场 LDS
18%
永州零陵机场 LLF
18%
吕梁大武机场 LLV
18%
临沧博尚机场 LNJ
18%
齐齐哈尔三家子机场 NDG
18%
阿里昆莎机场 NGQ
18%
新源那拉提机场 NLT
18%
漠河古莲机场 OHE
18%
石河子花园机场 SHF
18%
三明沙县机场 SQJ
18%
普洱思茅机场 SYM
18%
通辽机场 TGO
18%
榆林榆阳机场 UYN
18%
遵义茅台机场 WMT
18%
文山砚山机场 WNH
18%
万州五桥机场 WXN
18%
三沙永兴机场 XYI
18%
阿拉尔塔里木机场 ACF
15%
鞍山腾鳌机场 AOG
15%
毕节飞雄机场 BFJ
15%
博乐阿拉山口机场 BPL
15%
白城长安机场 DBC
15%
额济纳旗桃来机场 EJN
15%
富蕴可可托海机场 FYN
15%
固原六盘山机场 GYU
15%
邯郸机场 HDG
15%
韶关丹霞机场 HSC
15%
海西花土沟机场 HTT
15%
霍林郭勒霍林河机场 HUO
15%
庆阳机场 IQN
15%
嘉峪关酒泉机场 JGN
15%
黔江武陵山机场 JIQ
15%
澜沧景迈机场 JMJ
15%
池州九华山机场 JUH
15%
布尔津喀纳斯机场 KJI
15%
临汾尧都机场 LFQ
15%
巴彦淖尔天吉泰机场 RLK
15%
上饶三清山机场 SQD
15%
图木舒克唐王城机场 TWC
15%
忻州五台山机场 WUT
15%
阿尔山伊尔施机场 YIE
15%
营口兰旗机场 YKH
15%
玉林福绵机场 YLX
15%
于田万方机场 YTW
15%
张掖甘州机场 YZY
15%
中卫沙坡头机场 ZHY
15%
阿坝红原机场 AHJ
13%
安顺黄果树机场 AVA
13%
阿拉善左旗巴彦浩特机场 AXF
13%
重庆仙女山机场 CQW
13%
沧源佤山机场 CWJ
13%
甘孜格萨尔机场 GZG
13%
河池金城江机场 HCJ
13%
安阳红旗渠机场 HQQ
13%
菏泽牡丹机场 HZA
13%
且末玉都机场 IQM
13%
鸡西兴凯湖机场 JXA
13%
甘孜康定机场 KGT
13%
陇南成县机场 LNL
13%
扎兰屯成吉思汗机场 NZL
13%
莎车叶尔羌机场 QSZ
13%
天水麦积山机场 THQ
13%
通化三源浦机场 TNH
13%
信阳明港机场 XAI
13%
张家口宁远机场 ZQZ
13%
日喀则定日机场 DDR
10%
果洛玛沁机场 GMQ
10%
海北祁连机场 HBQ
10%
大兴安岭鄂伦春机场 JGD
10%
黔南荔波机场 LLB
10%
六盘水月照机场 LPF
10%
阆中古城机场 LZG
10%
宁蒗泸沽湖机场 NLH
10%
阿拉善右旗巴丹吉林机场 RHT
10%
若羌楼兰机场 RQA
10%
朔州滋润机场 SZH
10%
乌兰察布集宁机场 UCB
10%
邵阳武冈机场 WGN
10%
重庆巫山机场 WSK
10%
阿里普兰机场 APJ
8%
长海大长山岛机场 CNI
8%
五大连池德都机场 DTU
8%
湘西边城机场 DXJ
8%
抚远东极机场 FYJ
8%
神农架红坪机场 HPG
8%
海西德令哈机场 HXD
8%
山南隆子机场 LGZ
8%
松原查干湖机场 YSQ
8%
昭苏天马机场 ZFL
8%
甘南夏河机场 GXH
5%
凯里黄平机场 KJH
5%
No matching quizzes found
Score Distribution
Percent of People with Each Score
Percentile by Number Answered
Your Score History
You have not taken this quiz